<?xml version="1.0" encoding="UTF-8"?>
<record
    xmlns:xsi="http://www.w3.org/2001/XMLSchema-instance"
    xsi:schemaLocation="http://www.loc.gov/MARC21/slim http://www.loc.gov/standards/marcxml/schema/MARC21slim.xsd"
    xmlns="http://www.loc.gov/MARC21/slim">

  <leader>01388    a2200193   4500</leader>
  <controlfield tag="001">39189</controlfield>
  <controlfield tag="005">20260407155650.0</controlfield>
  <controlfield tag="008">260407a1959    arg                 spa d</controlfield>
  <controlfield tag="003">AR-UNSa-BCEJYS</controlfield>
  <datafield tag="040" ind1=" " ind2=" ">
    <subfield code="a">AR-UNSa-BCEJYS</subfield>
    <subfield code="b">spa</subfield>
    <subfield code="c">AR-UNSa-BCEJYS</subfield>
  </datafield>
  <datafield tag="080" ind1=" " ind2=" ">
    <subfield code="a">658.8</subfield>
    <subfield code="x">Organizaci&#xF3;n de mercados. Marketing. Ventas. Distribuci&#xF3;n</subfield>
  </datafield>
  <datafield tag="245" ind1="1" ind2="0">
    <subfield code="a">Los supermercados</subfield>
  </datafield>
  <datafield tag="264" ind1=" " ind2="1">
    <subfield code="a">Madrid :</subfield>
    <subfield code="b">Ediciones Rialp</subfield>
    <subfield code="c">1959</subfield>
  </datafield>
  <datafield tag="300" ind1=" " ind2=" ">
    <subfield code="a">410 p.</subfield>
    <subfield code="c">25 cm.</subfield>
  </datafield>
  <datafield tag="505" ind1=" " ind2=" ">
    <subfield code="a">1. Panorama nacional del ramo de la alimentaci&#xF3;n norteamericano hasta 1930 - 2. El origen del supermercado - 3. Una industria reci&#xE9;n llegada que revoluciona - 4. El supermercado comienza su expansi&#xF3;n - 5. La historia del super Market Institute - 6. Los supermercados, llegados a la mayor&#xED;a de edad, se enfrentan con los problemas de la segunda guerra mundial - 7. El per&#xED;odo de la posguerra - 8. El supermercado - 9. Distribuci&#xF3;n interior del supermercado - 10. Los departamentos de productos alimenticios: ultramarinos, carnes, frutas y verduras frescas - 11. Los art&#xED;culos no alimenticios.su r&#xE1;pido desarrollo y su importancia - 12. Publicidad y fomento de ventas - 13. Relaciones con los empleados - 14. Influencia del supermercado sobre el autoservicio en todo el mundo - 15. La contribuci&#xF3;n del supermercado la econom&#xED;a nacional.</subfield>
  </datafield>
  <datafield tag="942" ind1=" " ind2=" ">
    <subfield code="c">BK</subfield>
  </datafield>
  <datafield tag="590" ind1=" " ind2=" ">
    <subfield code="a">niveau_biblio:m niveau_hierar:0</subfield>
  </datafield>
  <datafield tag="100" ind1="1" ind2=" ">
    <subfield code="a">Zimmerman, M.M.</subfield>
  </datafield>
  <datafield tag="999" ind1=" " ind2=" ">
    <subfield code="c">2972</subfield>
    <subfield code="d">2972</subfield>
  </datafield>
  <datafield tag="952" ind1=" " ind2=" ">
    <subfield code="0">0</subfield>
    <subfield code="1">0</subfield>
    <subfield code="4">0</subfield>
    <subfield code="7">0</subfield>
    <subfield code="a">BCEJYS</subfield>
    <subfield code="b">BCEJYS</subfield>
    <subfield code="c">16</subfield>
    <subfield code="d">2026-04-07</subfield>
    <subfield code="l">0</subfield>
    <subfield code="o">658.8 Z71</subfield>
    <subfield code="p">L21108</subfield>
    <subfield code="r">2026-04-07 15:56:50</subfield>
    <subfield code="w">2026-04-07</subfield>
    <subfield code="y">L</subfield>
  </datafield>
</record>
